Reprezentanci Polski na Euro 2012 - nagła śmierć - Statystyki

Ogólne statystyki
  • Ten quiz został rozwiązany 392 razy
  • Średni wynik to 4 z 12
Answers on the Grid
Answers color-coded by a green-red scale on the quiz's grid according to % correct below.
Wojciech Szczęsny
Jan Bednarek
Robert Lewandowski
Jacek Krzynówek
Grzegorz Krychowiak
Marcin Kamiński
Marcin Wasilewski
Piotr Zieliński
Maciej Rybus
Jakub Wawrzyniak
Kazimierz Deyna
Paweł Brożek
Andrzej Niedzielan
Tomasz Hajto
Michał Pazdan
Łukasz Piszczek
Kamil Glik
Kamil Grosicki
Krzysztof Mączyński
Karol Linetty
Adrian Mierzejewski
Łukasz Fabiański
Artur Boruc
Jakub Błaszczykowski
Nicola Zalewski
Ludovic Obraniak
Marcin Robak
Euzebiusz Smolarek
 
Statystyki odpowiedzi
Odpowiedź % Poprawnych
Wojciech Szczęsny
88%
Robert Lewandowski
79%
Marcin Wasilewski
37%
Jakub Wawrzyniak
33%
Łukasz Piszczek
33%
Jakub Błaszczykowski
26%
Maciej Rybus
26%
Paweł Brożek
25%
Ludovic Obraniak
21%
Adrian Mierzejewski
20%
Marcin Kamiński
20%
Kamil Grosicki
19%
Nie znaleziono quizów pasujących do podanych kryteriów
Rozkład punktacji
Procent ludzi z każdym wynikiem
Percentyl według liczby udzielonych odpowiedzi
Twoja historia wyników
Nie rozwiązałeś tego quizu